Developmental biology / (Record no. 11955)

000 -LEADER
fixed length control field 00414nam a2200169ia 4500
020 ## - INTERNATIONAL STANDARD BOOK NUMBER
ISBN 0394337360
040 ## - CATALOGING SOURCE
Transcribing agency DLC
082 0# - DEWEY DECIMAL CLASSIFICATION NUMBER
Classification number 574 RAN 1987 A031 Or.
100 10 - MAIN ENTRY--AUTHOR NAME
Personal name Walbot, Virginia
245 10 - TITLE STATEMENT
Title Developmental biology /
250 ## - EDITION STATEMENT
Edition statement 1st ed
260 0# - PUBLICATION, DISTRIBUTION, ETC. (IMPRINT)
Place of publication New York :
Name of publisher Random House,
Year of publication c1987
300 ## - PHYSICAL DESCRIPTION
Number of Pages xxx, 731 p. :
Other physical details ill. ;
Dimensions 29 cm
650 #0 - SUBJECT ADDED ENTRY--TOPICAL TERM
Topical Term Developmental biology
700 10 - ADDED ENTRY--PERSONAL NAME
Personal name Holder, N.
942 ## - ADDED ENTRY ELEMENTS (KOHA)
Koha item type សៀវភៅភាសាអង់គ្លេស
952 ## - LOCATION AND ITEM INFORMATION (KOHA)
Withdrawn status [LOCAL, KOHA] 0
Holdings
Permanent Location Date acquired Koha item type Lost status Shelving location Barcode Current Location Full call number
Library Block A2017-08-08សៀវភៅភាសាអង់គ្លេស A031A15115Library Block A574 RAN 1987 A031 Or.
មជ្ឈមណ្ឌលឯការនៃសាកលវិទ្យាល័យភូមិន្ទកសិកម្មចំការដូង

Powered by Koha